00468nam a2200181Ia 4500003000900000008004100009020001800050040001600068080001500084100001000099245006200109260003800171300001000209650001600219650002100235650001400256700001600270IN-BaIIA211028s9999 xx 000 0 eng d a1-85626-249-9 cIIA Library a82-94bLIN aLinda 4aThe Chronology of words and phrasescLinda and R. Flavell aLondonbKyle Cathie Limitedc1999 a269p. aAtomic Bomb aHistory- English aSatellite aFlavell, R.